Handbook of analytical instruments / (Record no. 2482)

MARC details
000 -LEADER
fixed length control field 00886nac a22002771u 4500
003 - CONTROL NUMBER IDENTIFIER
control field EG-ScBUE
005 - DATE AND TIME OF LATEST TRANSACTION
control field 20250729102610.0
008 - FIXED-LENGTH DATA ELEMENTS--GENERAL INFORMATION
fixed length control field 090525t2007 nyua f b 001 0 eng d
020 ## - INTERNATIONAL STANDARD BOOK NUMBER
International Standard Book Number 0071487468
020 ## - INTERNATIONAL STANDARD BOOK NUMBER
International Standard Book Number 9780071487467
040 ## - CATALOGING SOURCE
Original cataloging agency EG-ScBUE
Language of cataloging eng
Description conventions rda
Transcribing agency EG-ScBUE
Modifying agency EG-ScBUE
082 04 - DEWEY DECIMAL CLASSIFICATION NUMBER
Classification number 543.07
Item number KHA
Edition number 22
100 1# - MAIN ENTRY--PERSONAL NAME
Personal name Khandpur, R. S.,
Relator term author.
9 (RLIN) 5289
245 10 - TITLE STATEMENT
Title Handbook of analytical instruments /
Statement of responsibility, etc R. S. Khandpur.
264 #1 - PUBLICATION, DISTRIBUTION, ETC. (IMPRINT)
Place of publication, distribution, etc New York :
Name of publisher, distributor, etc McGraw-Hill,
Date of publication, distribution, etc [2007]
264 #4 - PUBLICATION, DISTRIBUTION, ETC. (IMPRINT)
Date of publication, distribution, etc c2007
300 ## - PHYSICAL DESCRIPTION
Extent xxii, 770 pages :
Other physical details illustrations ;
Dimensions 20 cm.
336 ## - CONTENT TYPE
Source rdacontent
Content type term text
Content type code txt
337 ## - MEDIA TYPE
Media type term unmediated
Source rdamedia
Media type code n
338 ## - CARRIER TYPE
Carrier type term volume
Carrier type code nc
Source rdacarrier
490 0# - SERIES STATEMENT
Series statement McGraw-Hill handbooks
504 ## - BIBLIOGRAPHY, ETC. NOTE
Bibliography, etc Includes bibliographical references and index.<br/>
650 #7 - SUBJECT ADDED ENTRY--TOPICAL TERM
Topical term or geographic name as entry element Chemical apparatus.
Source of heading or term BUEsh
9 (RLIN) 5290
655 ## - INDEX TERM--GENRE/FORM
Form subdivision Reading book
942 ## - ADDED ENTRY ELEMENTS (KOHA)
Koha item type Book - Borrowing
Source of classification or shelving scheme Dewey Decimal Classification
Holdings
Withdrawn status Lost status Source of classification or shelving scheme Damaged status Not for loan Home library Current library Shelving location Date acquired Source of acquisition Total Checkouts Full call number Barcode Date last seen Koha item type Collection code Cost, normal purchase price Serial Enumeration / chronology Date checked out
    Dewey Decimal Classification     Central Library Central Library First floor 21/02/2007 Purchase   543.07 KHA 000001721 15/07/2025 Book - Borrowing        
    Dewey Decimal Classification     Central Library Central Library First floor 25/05/2009 Purchase 1 543.07 KHA 000016447 15/07/2025 Book - Borrowing Alahram 630.00 353 28/10/2010